Introducción a la psicología
保存先:
| 第一著者: | |
|---|---|
| フォーマット: | 図書 |
| 言語: | スペイン語 |
| 出版事項: |
Buenos Aires
Kapelusz
1965
|
| シリーズ: | Colección Universitaria
|
| 主題: | |
| タグ: |
タグ追加
タグなし, このレコードへの初めてのタグを付けませんか!
|
MARC
| LEADER | 00000nam a2200000 a 4500 | ||
|---|---|---|---|
| 001 | UCZ2600 | ||
| 003 | CL-VaPUC | ||
| 008 | 951005e19650000AG |||||||||||||||||spa|d | ||
| 082 | 0 | 4 | |a 150 |b RAV |2 21 |
| 100 | 0 | |a Ravagnan, Luis María |e author |9 346379 | |
| 245 | 1 | 0 | |a Introducción a la psicología |
| 300 | |a 232 p | ||
| 942 | |c BK | ||
| 945 | |d 19951005 00:00:00 |a cmena | ||
| 260 | |a Buenos Aires |b Kapelusz |c 1965 | ||
| 650 | 0 | |a Psicología |9 257863 | |
| 650 | 0 | |a Epistemología |9 264994 | |
| 650 | 0 | |a Conducta humana |9 269906 | |
| 650 | 7 | |a HOMBRE |2 CL-VaPUC |9 262149 | |
| 583 | |a last modification |c 19951005 00:00:00 |k Rodrigo Vera | ||
| 490 | 0 | |a Colección Universitaria | |
| 999 | |c 239168 |d 239166 | ||
| 952 | |0 0 |1 0 |4 0 |6 150_000000000000000_RAV_1965 |7 0 |8 P |9 250051 |a BIBEDU |b BIBEDU |c BIBEDU_PB |d 2019-11-18 |i 1568612 |o 150 RAV 1965 |p 1568612 |r 2019-11-18 |w 2019-11-18 |y BK |k FIL | ||